<?xml version="1.0" encoding="UTF-8"?>
<marc:record xmlns:marc="http://www.loc.gov/MARC21/slim">
   <marc:leader>00000nam a2200000 a 4500</marc:leader>
   <marc:datafield ind1=" " ind2=" " tag="653">
      <marc:subfield code="a">Heilpädagogik</marc:subfield>
   </marc:datafield>
   <marc:datafield ind1=" " ind2=" " tag="653">
      <marc:subfield code="a">Sonderpädagogik</marc:subfield>
   </marc:datafield>
   <marc:datafield ind1=" " ind2=" " tag="653">
      <marc:subfield code="a">Heilen</marc:subfield>
   </marc:datafield>
   <marc:datafield ind1=" " ind2=" " tag="653">
      <marc:subfield code="a">HeLv</marc:subfield>
   </marc:datafield>
   <marc:datafield ind1=" " ind2=" " tag="653">
      <marc:subfield code="a">MEANDER</marc:subfield>
   </marc:datafield>
   <marc:datafield ind1="0" ind2="0" tag="245">
      <marc:subfield code="a">Heilpädagogik; 2012/5/2012</marc:subfield>
   </marc:datafield>
   <marc:datafield ind1="0" ind2="0" tag="245">
      <marc:subfield code="b">Fachzeitschrift der Heilpädagogischen Gesellschaft Österreich</marc:subfield>
   </marc:datafield>
   <marc:datafield ind1=" " ind2="1" tag="264">
      <marc:subfield code="b">Kaiser</marc:subfield>
      <marc:subfield code="c">2012</marc:subfield>
   </marc:datafield>
   <marc:datafield ind1="1" ind2=" " tag="490">
      <marc:subfield code="a">Heilpädagogik</marc:subfield>
   </marc:datafield>
   <marc:datafield ind1="1" ind2=" " tag="520">
      <marc:subfield code="a">Editorial. In eigener Sache - Danke Brigitte! (Dr. Ernst Tatzer)
Nachlese zum 19. Heilpädagogischen Kongress (Wolfgang Sieberer)
Der Sinn des Lebens ist gelebt zu werden (Dr. Peter Radtke)
Heilen als Wahrnehmen und Verstehen (DDDR. Clemens Sedmak)
Meander: Beratung und Hilfe für Familien von Kindern mit Behinderungen (Dr. Gertraud Assmann)
HeLv - Helpdesk für Lehrer/innen verhaltensauffälliger Schüler/innen: Eine Innovation sicht ihren institutionellen Platz im Unterstützungsangebot für Leher/innen (Mag. Stefan Germany)


</marc:subfield>
   </marc:datafield>
</marc:record>
